| 000 | 01115nam a22002297a 4500 | ||
|---|---|---|---|
| 942 | _cBK | ||
| 999 |
_c515 _d515 |
||
| 005 | 20250420134813.0 | ||
| 008 | 200728b ||||| |||| 00| 0 eng d | ||
| 020 | _a9780071315012 | ||
| 040 | _cKCST | ||
| 082 |
_a511 _bRo Di |
||
| 100 |
_aRosen, Kenneth H. _94777 |
||
| 245 |
_aDiscrete mathematics and its applications / _cKenneth H Rosen; Kamala Krithivasan |
||
| 250 |
_a7th edition _bGlobal edition |
||
| 260 |
_aNew York : _bMcGraw-Hill, _c2013. |
||
| 300 |
_axxiv, 836, [111] pages : _bill.; _c27 cm. |
||
| 505 | _aChapter 1: The Foundations: Logic and Proofs Chapter 2: Basic Structures: Sets, Functions, Sequences, Sums, and Matrices Chapter 3: Algorithms Chapter 4: Number Theory and Cryptography Chapter 5: Induction and Recursion Chapter 6: Counting Chapter 7: Discrete Probability Chapter 8: Advanced Counting Techniques Chapter 9: Relations Chapter 10: Graphs Chapter 11: Trees Chapter 12: Algebraic Structures and Coding Theory Appendices | ||
| 650 |
_aMathematics. _9408 |
||
| 650 |
_aComputer science _vMathematics. _94778 |
||
| 700 |
_aKrithivasan, Kamala _94779 |
||
| 942 | _2ddc | ||